[Event "Bosnjaci op 25th"]
[Site "Bosnjaci"]
[Date "2020.01.03"]
[Round "1"]
[White "Mutapcic, Ilija"]
[Black "Runic, Zoran"]
[Result "0-1"]
[WhiteElo "1838"]
[BlackElo "2326"]
[PlyCount "104"]
[EventDate "2020.01.03"]
[EventType "swiss"]
[EventRounds "9"]
[EventCountry "CRO"]
[SourceTitle "CBM 194 Extra"]
[Source "ChessBase"]
[SourceDate "2020.03.31"]
[SourceVersion "1"]
[SourceVersionDate "2020.03.31"]
[SourceQuality "1"]

1. d4 Nf6 2. c4 c5 3. e3 e6 4. Nf3 d5 5. Nc3 Nc6 6. Be2 a6 7. a4 cxd4 8. Nxd4 e5 9. Nxc6 bxc6 10. 0-0 Be7 11. Qc2 0-0 12. b3 Qc7 13. Rd1 Be6 14. Ba3 Bxa3 15. Rxa3 Rfd8 16. h3 Rab8 17. Ra2 d4 18. exd4 exd4 19. Ne4 Nxe4 20. Qxe4 c5 21. Rb2 g6 22. g4 Bd7 23. Rdd2 Bc6 24. Qd3 Re8 25. Qg3 Qxg3+ 26. fxg3 Re3 27. Rd3 Rxd3 28. Bxd3 Bxa4 29. Bc2 Bc6 30. Kf2 a5 31. Ra2 Ra8 32. h4 Kf8 33. h5 Ke7 34. Ra1 Kd6 35. h6 f6 36. Bd1 Bd7 37. Kf3 Be6 38. Ra2 a4 39. Kf4 g5+ 40. Ke4 a3 41. Bf3 Bf7 42. Kd3 Bg6+ 43. Be4 Bxe4+ 44. Kxe4 Ke6 45. Kd3 f5 46. Re2+ Kf6 47. Ra2 f4 48. gxf4 gxf4 49. Ke4 Kg5 50. Kd5 d3 51. Kxc5 d2 52. Rxd2 a2 0-1

[Event "Bosnjaci op 24th"]
[Site "Bosnjaci"]
[Date "2019.01.04"]
[Round "3"]
[White "Muha, Miljenko"]
[Black "Mutapcic, Ilija"]
[Result "1-0"]
[WhiteElo "2310"]
[BlackElo "1836"]
[PlyCount "76"]
[EventDate "2019.01.03"]
[EventType "swiss"]
[EventRounds "9"]
[EventCountry "CRO"]
[SourceTitle "CBM 188 Extra"]
[Source "ChessBase"]
[SourceDate "2019.02.26"]
[SourceVersion "1"]
[SourceVersionDate "2019.02.26"]
[SourceQuality "1"]

1. d4 d5 2. Bf4 Nf6 3. e3 e6 4. Nd2 Bd6 5. Bg3 0-0 6. Bd3 c5 7. c3 cxd4 8. exd4 b6 9. Qe2 a5 10. Ngf3 Ba6 11. 0-0 Bxd3 12. Qxd3 Nh5 13. Bxd6 Qxd6 14. Rfe1 Nc6 15. Nf1 Rae8 16. Ng3 Nf4 17. Qd2 Ng6 18. Rad1 h6 19. Re2 Nf4 20. Re3 g5 21. Rde1 f5 22. Ne5 Rf6 23. Rf3 Kh7 24. Rxf4 gxf4 25. Qxf4 Rg8 26. Nh5 Rff8 27. Re3 Nxe5 28. dxe5 Qc7 29. Qh4 Rg6 30. Nf4 Rg4 31. Nxe6 Rxh4 32. Nxc7 d4 33. cxd4 Rxd4 34. g3 Rc8 35. e6 f4 36. gxf4 Rxc7 37. e7 Rxe7 38. Rxe7+ Kg8 1-0

[Event "Bosnjaci op 23rd"]
[Site "Bosnjaci"]
[Date "2018.01.04"]
[Round "2"]
[White "Jelecevic, Ivo"]
[Black "Mutapcic, Ilija"]
[Result "0-1"]
[WhiteElo "2102"]
[BlackElo "1824"]
[PlyCount "66"]
[EventDate "2018.01.03"]
[EventType "swiss"]
[EventRounds "9"]
[EventCountry "CRO"]
[SourceTitle "CBM 182 Extra"]
[Source "ChessBase"]
[SourceDate "2018.02.23"]
[SourceVersion "1"]
[SourceVersionDate "2018.02.23"]
[SourceQuality "1"]

1. e4 e5 2. Nf3 Nf6 3. Nxe5 d6 4. Nf3 Nxe4 5. Nc3 Nf6 6. d4 d5 7. Bg5 Be7 8. Bd3 0-0 9. 0-0 Bg4 10. h3 Bh5 11. Re1 Nc6 12. g4 Bg6 13. Bxg6 hxg6 14. Ne5 Re8 15. Qd2 Nh7 16. Bxe7 Rxe7 17. Re3 Nxe5 18. dxe5 c6 19. Rae1 d4 20. Rd3 c5 21. Qf4 Qa5 22. b4 cxb4 23. e6 bxc3 24. Qxd4 Rxe6 25. Rxe6 fxe6 26. Qd7 Qb6 27. Rd6 Qb1+ 28. Rd1 Qxa2 29. Qxb7 Rf8 30. Rd7 Ng5 31. Rxg7+ Kh8 32. Rxg6 Nf3+ 33. Kf1 Qc4+ 0-1

[Event "Bosnjaci op 21st"]
[Site "Bosnjaci"]
[Date "2016.01.03"]
[Round "1"]
[White "Sale, Srdjan"]
[Black "Mutapcic, Ilija"]
[Result "1-0"]
[WhiteElo "2408"]
[BlackElo "1840"]
[PlyCount "33"]
[EventDate "2016.01.03"]
[EventType "swiss"]
[EventRounds "9"]
[EventCountry "CRO"]
[SourceTitle "CBM 170 Extra"]
[Source "ChessBase"]
[SourceDate "2016.02.25"]
[SourceVersion "1"]
[SourceVersionDate "2016.02.25"]
[SourceQuality "1"]

1. e4 e5 2. f4 exf4 3. Nf3 Be7 4. Bc4 Bh4+ 5. Kf1 Be7 6. d4 Nf6 7. Nc3 Nh5 8. Ne5 g6 9. Nxf7 Kf8 10. Nxd8 Bxd8 11. g4 Nf6 12. e5 Ne8 13. Bxf4 Kg7 14. Qd2 Rf8 15. Kg2 Kh8 16. Bh6 Ng7 17. Rhf1 1-0

[Event "Bosnjaci op 20th"]
[Site "Bosnjaci"]
[Date "2015.01.03"]
[Round "1"]
[White "Mutapcic, Ilija"]
[Black "Burovic, Ismet"]
[Result "1/2-1/2"]
[WhiteElo "1865"]
[BlackElo "2398"]
[PlyCount "125"]
[EventDate "2015.01.03"]
[EventType "swiss"]
[EventRounds "9"]
[EventCountry "CRO"]
[SourceTitle "CBM 164 Extra"]
[Source "ChessBase"]
[SourceDate "2015.03.02"]
[SourceVersion "1"]
[SourceVersionDate "2015.03.02"]
[SourceQuality "1"]

1. e4 c6 2. d4 d5 3. Nd2 dxe4 4. Nxe4 Bf5 5. Ng3 Bg6 6. f4 e6 7. Nf3 Nd7 8. Bd3 Ngf6 9. Bxg6 hxg6 10. Qd3 c5 11. Be3 Qc7 12. dxc5 Bxc5 13. Bxc5 Qxc5 14. 0-0-0 0-0-0 15. Ne4 Nxe4 16. Qxe4 Nf6 17. Rxd8+ Rxd8 18. Qe5 Rd5 19. Qc3 Qxc3 20. bxc3 Kd8 21. Rd1 Ke7 22. Rd4 Rc5 23. Kd2 Nd5 24. Ne5 Ra5 25. a4 Nb6 26. Nc4 Rxa4 27. Nxb6 Rxd4+ 28. cxd4 axb6 29. c4 Kd6 30. Kc3 f6 31. Kb4 Kc6 32. h4 b5 33. cxb5+ Kd5 34. Kc3 Ke4 35. g3 Kf3 36. Kc4 Kxg3 37. Kc5 Kxh4 38. Kb6 g5 39. f5 exf5 40. d5 g4 41. d6 g3 42. d7 g2 43. d8Q g1Q+ 44. Kxb7 g5 45. Qxf6 f4 46. b6 Qg2+ 47. Kb8 f3 48. b7 f2 49. Qh6+ Kg4 50. Qe6+ Kh5 51. Qf7+ Kh4 52. Qh7+ Kg4 53. Qd7+ Kh4 54. Qh7+ Kg3 55. Qc7+ Kh3 56. Qh7+ Kg4 57. Qd7+ Kh4 58. Qh7+ Kg3 59. Qc7+ Kh4 60. Qh7+ Kg4 61. Qd7+ Kf4 62. Kc8 Kg3 63. b8Q+ 1/2-1/2

[Event "Bosnjaci op 17th"]
[Site "Bosnjaci"]
[Date "2012.01.03"]
[Round "1"]
[White "Kovacevic, Blazimir"]
[Black "Mutapcic, Ilija"]
[Result "1-0"]
[WhiteElo "2449"]
[BlackElo "1905"]
[PlyCount "111"]
[EventDate "2012.01.03"]
[EventType "swiss"]
[EventRounds "9"]
[EventCountry "CRO"]
[SourceTitle "CBM 146 Extra"]
[Source "ChessBase"]
[SourceDate "2012.02.29"]
[SourceVersion "1"]
[SourceVersionDate "2012.02.29"]
[SourceQuality "1"]

1. c4 c5 2. Nf3 Nf6 3. g3 d6 4. Bg2 g6 5. d4 cxd4 6. Nxd4 Bg7 7. 0-0 0-0 8. Nc3 a6 9. b3 Qc7 10. Bb2 Nc6 11. Rc1 Bd7 12. Nc2 Qc8 13. Na4 Qd8 14. c5 dxc5 15. Nxc5 Bc8 16. Ne3 Nd7 17. Bxg7 Kxg7 18. Nxb7 Bxb7 19. Bxc6 Bxc6 20. Rxc6 Nf6 21. Qc2 Rc8 22. Rxc8 Qxc8 23. Rc1 Qh3 24. Qc7 Re8 25. Qe5 h5 26. Nd5 Rd8 27. Nf4 Qd7 28. Nd3 Re8 29. Rc7 Qd8 30. b4 Kf8 31. a4 Kg8 32. Rc4 Ng4 33. Qd4 Qa8 34. Qe4 Qa7 35. Qc6 Nf6 36. Nc5 Ra8 37. a5 Ne8 38. Rd4 Nd6 39. e4 f6 40. Qd5+ Kh7 41. Qe6 Rd8 42. h4 Kh8 43. e5 fxe5 44. Qxe5+ Kh7 45. Ne6 Rg8 46. Rf4 Nf5 47. Rc4 Qd7 48. Kg2 Qb7+ 49. Kh2 Qd7 50. Ng5+ Kh6 51. Qf4 Kg7 52. Rc7 Qd5 53. Rc5 Qd7 54. Qe5+ Kh6 55. Qe6 Qd4 56. Rxf5 1-0

[Event "Bosnjaci op 16th"]
[Site "Bosnjaci"]
[Date "2011.01.03"]
[Round "1"]
[White "Plenca, Jadranko"]
[Black "Mutapcic, Ilija"]
[Result "1-0"]
[WhiteElo "2344"]
[BlackElo "1957"]
[PlyCount "57"]
[EventDate "2011.01.03"]
[EventType "swiss"]
[EventRounds "9"]
[EventCountry "CRO"]
[SourceTitle "CBM 140 Extra"]
[Source "ChessBase"]
[SourceDate "2011.03.01"]
[SourceVersion "1"]
[SourceVersionDate "2011.03.01"]
[SourceQuality "1"]

1. e4 e5 2. Bc4 Nf6 3. d4 Nxe4 4. dxe5 d5 5. Qxd5 Qxd5 6. Bxd5 Nc5 7. b4 Ncd7 8. Bf4 Bxb4+ 9. c3 Ba5 10. Ne2 0-0 11. Nd2 c6 12. Bb3 Re8 13. Nc4 Nc5 14. Nxa5 Nd3+ 15. Kd2 Nxf4 16. Nxf4 Rxe5 17. Rhe1 Rxe1 18. Rxe1 Kf8 19. Nc4 Nd7 20. Nd6 Nf6 21. Nxf7 Bf5 22. Ng5 Rd8+ 23. Kc1 Rd6 24. Nge6+ Bxe6 25. Nxe6+ Kf7 26. Nc5+ Kg6 27. Nxb7 Rd7 28. Nc5 Rd6 29. Ne4 1-0

[Event "Bosnjaci op 15th"]
[Site "Bosnjaci"]
[Date "2010.01.08"]
[Round "8"]
[White "Mutapcic, Ilija"]
[Black "Purgar, Ivona"]
[Result "0-1"]
[WhiteElo "1952"]
[BlackElo "2134"]
[PlyCount "48"]
[EventDate "2010.01.03"]
[EventType "swiss"]
[EventRounds "9"]
[EventCountry "CRO"]
[SourceTitle "CBM 134 Extra"]
[Source "ChessBase"]
[SourceDate "2010.03.03"]
[SourceVersion "1"]
[SourceVersionDate "2010.03.03"]
[SourceQuality "1"]

1. d4 Nf6 2. Nf3 g6 3. e3 Bg7 4. Bd3 d5 5. h3 c5 6. c3 Nbd7 7. 0-0 0-0 8. Nbd2 Qc7 9. b3 b6 10. Bb2 Bb7 11. Rc1 Rac8 12. c4 Qb8 13. Ne5 cxd4 14. exd4 Nxe5 15. dxe5 Nh5 16. f4 dxc4 17. bxc4 Rfd8 18. Qc2 Bh6 19. f5 Nf4 20. Rxf4 Bxf4 21. fxg6 hxg6 22. Bxg6 Rxd2 23. Bh7+ Kh8 24. Qxd2 Bxd2 0-1

[Event "Bosnjaci op 14th"]
[Site "Bosnjaci"]
[Date "2009.01.06"]
[Round "5"]
[White "Mutapcic, Ilija"]
[Black "Petrina, Tomislav"]
[Result "0-1"]
[WhiteElo "1975"]
[BlackElo "2097"]
[PlyCount "50"]
[EventDate "2009.01.03"]
[EventType "swiss"]
[EventRounds "9"]
[EventCountry "CRO"]
[SourceTitle "CBM 128 Extra"]
[Source "ChessBase"]
[SourceDate "2009.03.05"]
[SourceVersion "2"]
[SourceVersionDate "2009.03.25"]
[SourceQuality "1"]

1. d4 e6 2. Nf3 d5 3. Bf4 c5 4. e3 Nc6 5. Nbd2 Bd6 6. Bxd6 Qxd6 7. Bb5 Nge7 8. Ne5 0-0 9. Bxc6 Nxc6 10. Nxc6 bxc6 11. 0-0 cxd4 12. exd4 c5 13. c3 cxd4 14. cxd4 Qb6 15. Nb3 Ba6 16. Re1 Bc4 17. Re3 a5 18. Qd2 Rfb8 19. Rb1 a4 20. Nc5 Bxa2 21. Nd7 Qb4 22. Qd3 Bxb1 23. Qxb1 Qxb2 24. Qf1 a3 25. Nxb8 a2 0-1

[Event "Bosnjaci op 13th"]
[Site "Bosnjaci"]
[Date "2008.01.03"]
[Round "1"]
[White "Karahmetovic, Adnan"]
[Black "Mutapcic, Ilija"]
[Result "1-0"]
[WhiteElo "2313"]
[BlackElo "1948"]
[PlyCount "141"]
[EventDate "2008.01.03"]
[EventType "swiss"]
[EventRounds "9"]
[EventCountry "CRO"]
[SourceTitle "CBM 122 Extra"]
[Source "ChessBase"]
[SourceDate "2008.03.04"]
[SourceVersion "1"]
[SourceVersionDate "2008.03.04"]
[SourceQuality "1"]

1. d4 d5 2. Nf3 Nf6 3. c4 e6 4. Nc3 c6 5. e3 Nbd7 6. Qc2 Bb4 7. Bd2 0-0 8. Bd3 h6 9. 0-0 Re8 10. Nxd5 Nxd5 11. cxd5 Bxd2 12. dxe6 Rxe6 13. Qxd2 Rf6 14. Rad1 a5 15. Ne5 Re6 16. f4 Nf6 17. Bc4 Re7 18. f5 Qd6 19. Qc2 b5 20. Be2 Bb7 21. Bf3 Rc8 22. Qd2 a4 23. Nd3 Rce8 24. Nc5 Ba8 25. e4 Nd7 26. Qc3 f6 27. Nxd7 Qxd7 28. Qc5 Qc7 29. Rfe1 Bb7 30. g3 Bc8 31. Kf2 Qd7 32. Re2 g6 33. fxg6 Kg7 34. Kg1 Re5 35. Qc2 Rg5 36. e5 Bb7 37. d5 cxd5 38. exf6+ Kxf6 39. Qc3+ Kxg6 40. Be4+ Kf7 41. Qf3+ Kg7 42. Rf2 Qe7 43. Bxd5 Bxd5 44. Rxd5 Rxd5 45. Qxd5 Qe1+ 46. Kg2 Qe4+ 47. Qxe4 Rxe4 48. Kf3 Re5 49. Re2 Rc5 50. Ke4 Kf6 51. Kd4 Rf5 52. Kc3 h5 53. Kb4 Kg5 54. b3 axb3 55. axb3 Kg4 56. Ka5 Kf3 57. Rc2 Re5 58. b4 Kg4 59. Rc5 Re2 60. h3+ Kxh3 61. Rxh5+ Kxg3 62. Rxb5 Kf4 63. Rd5 Re3 64. b5 Rc3 65. b6 Ra3+ 66. Kb5 Ke4 67. Kc6 Rb3 68. Rb5 Rc3+ 69. Rc5 Rb3 70. b7 Kd4 71. Rb5 1-0